[Event "Paul Keres mem (24th)"]
[Site "New Westminster CAN"]
[Date "1999.05.23"]
[Round "5"]
[White "Herder, David"]
[Black "Yoos, John"]
[Result "0-1"]
[WhiteElo "2275"]
[BlackElo "2291"]
[PlyCount "72"]
[GameId "2160767911805025"]
[EventDate "1999.05.21"]
[EventType "swiss"]
[EventRounds "7"]
[EventCountry "CAN"]
[SourceTitle "EXT 2000"]
[Source "ChessBase"]
[SourceDate "1999.11.18"]
[SourceVersion "1"]
[SourceVersionDate "1999.11.18"]
[SourceQuality "1"]

1. d4 Nf6 2. Bg5 g6 3. Bxf6 exf6 4. e3 Bg7 5. c4 d6 6. Nc3 O-O 7. Bd3 f5 8. Nge2 Re8 9. O-O Nd7 10. Rc1 Nf6 11. b4 c6 12. a4 h5 13. a5 h4 14. Bc2 Rb8 15. Qd2 Be6 16. d5 cxd5 17. cxd5 Bd7 18. Nd4 Qe7 19. h3 Rbc8 20. Bd3 a6 21. Rfe1 Ne4 22. Bxe4 fxe4 23. Rc2 Rc4 24. Nce2 Rxc2 25. Qxc2 Qg5 26. Kh1 Qxd5 27. Qc7 Bc8 28. Nf4 Qa2 29. Kg1 Qd2 30. Nc2 Bf5 31. Re2 Qc1+ 32. Re1 Qb2 33. Nd5 Be6 34. Nb6 Bc3 35. Na4 Qxc2 36. Qxc3 Qxa4 0-1

[Event "Paul Keres mem (24th)"]
[Site "New Westminster CAN"]
[Date "1999.05.23"]
[Round "5"]
[White "Jose, Marionito"]
[Black "Holubowicz, Kazimiercz"]
[Result "1-0"]
[WhiteElo "1883"]
[BlackElo "1776"]
[PlyCount "71"]
[GameId "2160767911805026"]
[EventDate "1999.05.21"]
[EventType "swiss"]
[EventRounds "7"]
[EventCountry "CAN"]

1. e4 e5 2. Bc4 Bc5 3. Nf3 d6 4. c3 Bg4 5. d4 exd4 6. cxd4 Bb4+ 7. Bd2 Bxd2+ 8. Nbxd2 Nf6 9. O-O O-O 10. Rc1 c6 11. Re1 Ne8 12. Qb3 b5 13. Bf1 a6 14. h3 Bh5 15. g4 Bg6 16. Bg2 Nc7 17. h4 h5 18. g5 a5 19. Nh2 a4 20. Qg3 Ne6 21. d5 cxd5 22. exd5 Nc5 23. Re3 Qb6 24. Ne4 Bxe4 25. Bxe4 Nxe4 26. Rxe4 Nd7 27. Rc6 Qa5 28. Qxd6 Rad8 29. Qf4 Nb8 30. Rc5 Na6 31. Rc3 Rxd5 32. Rf3 Nc5 33. Re8 Rd1+ 34. Kg2 Rd8 35. Qxf7+ Kh7 36. Qxh5+ 1-0

[Event "Paul Keres mem (24th)"]
[Site "New Westminster CAN"]
[Date "1999.05.23"]
[Round "5"]
[White "Kostadinov, George"]
[Black "Harutyunyan, Ararat"]
[Result "1-0"]
[WhiteElo "2118"]
[BlackElo "1914"]
[PlyCount "115"]
[GameId "2160767911805027"]
[EventDate "1999.05.21"]
[EventType "swiss"]
[EventRounds "7"]
[EventCountry "CAN"]

1. d4 d5 2. Nc3 c5 3. dxc5 e6 4. e4 d4 5. Nb5 e5 6. Qh5 Nc6 7. Bc4 Qd7 8. Bxf7+ Qxf7 9. Nc7+ Ke7 10. Bg5+ Nf6 11. Bxf6+ gxf6 12. Nd5+ Ke8 13. Nxf6+ Ke7 14. Nd5+ Ke8 15. Nc7+ Ke7 16. Qxf7+ Kxf7 17. Nxa8 Bxc5 18. Nc7 Nb4 19. O-O-O Nxa2+ 20. Kb1 Nb4 21. c3 Nc6 22. f4 exf4 23. Rf1 Bd6 24. Nd5 dxc3 25. bxc3 Re8 26. Nf3 Kg7 27. Nd2 Rf8 28. Rf2 Bc5 29. Rxf4 Rxf4 30. Nxf4 Be3 31. Nh5+ Kg6 32. Nc4 Bg5 33. Ng3 Be6 34. Nd6 Bf6 35. Kc2 b6 36. h4 Be5 37. Ngf5 Na5 38. g4 Nc4 39. Nb5 a5 40. Nbd4 Na3+ 41. Kd3 Bc4+ 42. Ke3 b5 43. Ne7+ Kf7 44. Nec6 Bc7 45. Ra1 Bd6 46. Nxa5 Bc5 47. Rxa3 Bxa3 48. Nxc4 bxc4 49. Kf4 Bb2 50. Nf5 Bxc3 51. Nd6+ Ke6 52. Nxc4 Be1 53. h5 h6 54. g5 Bh4 55. gxh6 Kf7 56. Kf5 Be7 57. Ne5+ Kg8 58. Kg6 1-0

[Event "Paul Keres mem (24th)"]
[Site "New Westminster CAN"]
[Date "1999.05.23"]
[Round "5"]
[White "Kovacs, George"]
[Black "Bates, Darren"]
[Result "0-1"]
[WhiteElo "1795"]
[BlackElo "1617"]
[PlyCount "92"]
[GameId "2160767911805028"]
[EventDate "1999.05.21"]
[EventType "swiss"]
[EventRounds "7"]
[EventCountry "CAN"]

1. d4 f5 2. Nf3 e6 3. e3 Bb4+ 4. c3 Ba5 5. Bd3 Nf6 6. Nbd2 c6 7. Qa4 b5 8. Qc2 d5 9. b3 Ne4 10. c4 a6 11. Ba3 Bb7 12. O-O Nd7 13. Rfd1 Ndf6 14. h3 h5 15. Nf1 g5 16. Ne5 Rc8 17. Ng6 Rh7 18. Nf8 Re7 19. Bxe7 Qxe7 20. Ng6 Qg7 21. Ne5 h4 22. f3 Ng3 23. Nxg3 hxg3 24. e4 f4 25. exd5 cxd5 26. Bg6+ Ke7 27. c5 Bc7 28. Nf7 Ne4 29. fxe4 Qxg6 30. Ne5 Bxe5 31. dxe5 Qxe4 32. Qxe4 dxe4 33. Rac1 Bd5 34. Rf1 Kf7 35. h4 Kg6 36. hxg5 Kxg5 37. Rfd1 Kf5 38. c6 Kxe5 39. c7 Kd6 40. Kf1 Rxc7 41. Rxc7 Kxc7 42. Rc1+ Kd6 43. Rc8 Ke5 44. Rc7 Kd4 45. Ra7 Kd3 46. Rxa6 Kd2 0-1

[Event "Paul Keres mem (24th)"]
[Site "New Westminster CAN"]
[Date "1999.05.23"]
[Round "5"]
[White "Lee, Mau Seng"]
[Black "Sommerfeld, Gilbert"]
[Result "0-1"]
[WhiteElo "2033"]
[BlackElo "2277"]
[PlyCount "74"]
[GameId "2160767911805029"]
[EventDate "1999.05.21"]
[EventType "swiss"]
[EventRounds "7"]
[EventCountry "CAN"]

1. e4 c5 2. f4 g6 3. Nf3 Bg7 4. Be2 Nc6 5. c3 e6 6. O-O Nge7 7. d3 d5 8. Be3 b6 9. Nbd2 a5 10. Qe1 Ba6 11. Rc1 Qd7 12. a3 a4 13. Nh4 d4 14. cxd4 Nxd4 15. Nc4 Bxc4 16. dxc4 O-O 17. Kh1 Rad8 18. Rd1 Qc6 19. e5 Nxe2 20. Qxe2 Qe4 21. Qf3 Qxc4 22. Rxd8 Rxd8 23. Rd1 Rxd1+ 24. Qxd1 Nd5 25. Bg1 Qxf4 26. Nf3 Bxe5 27. Nxe5 Qxe5 28. Qxa4 Qxb2 29. h3 Qd2 30. Qd7 Qc1 31. Qe8+ Kg7 32. a4 Nf4 33. Qb8 Qf1 34. Qe5+ f6 35. Qe4 Ne2 36. Qe3 c4 37. Kh2 Qxg1+ 0-1

[Event "Paul Keres mem (24th)"]
[Site "New Westminster CAN"]
[Date "1999.05.23"]
[Round "5"]
[White "Martinovsky, Ian"]
[Black "Baunok, Zoltan"]
[Result "1/2-1/2"]
[WhiteElo "2220"]
[BlackElo "2149"]
[PlyCount "108"]
[GameId "2160767911805031"]
[EventDate "1999.05.21"]
[EventType "swiss"]
[EventRounds "7"]
[EventCountry "CAN"]

1. f4 d5 2. Nf3 Nf6 3. g3 c5 4. c4 Nc6 5. Bg2 d4 6. O-O Qc7 7. d3 g6 8. a3 a5 9. e4 dxe3 10. Bxe3 b6 11. Ne5 Bd7 12. Nc3 Rc8 13. Nb5 Qb8 14. Nxd7 Nxd7 15. d4 Bg7 16. d5 Na7 17. Nxa7 Qxa7 18. Rb1 O-O 19. Kh1 f5 20. Qc2 Qc7 21. Rfe1 Nf6 22. Bg1 Ne8 23. Qe2 Bf6 24. Bf3 h5 25. b3 Kg7 26. Kg2 Nd6 27. Qd3 Rcd8 28. Re6 Rh8 29. Bf2 Kf7 30. Rc1 Ne8 31. Rc6 Qd7 32. Re6 Qc7 33. b4 axb4 34. axb4 Rd6 35. bxc5 bxc5 36. Qa3 Bd4 37. Bxd4 cxd4 38. c5 Rxe6 39. dxe6+ Kg7 40. Qb4 d3 41. c6 Nf6 42. h3 Rd8 43. Kf2 d2 44. Rd1 Rd6 45. g4 hxg4 46. hxg4 Qxc6 47. g5 Ne4+ 48. Kf1 Nc3 49. Qb2 Qc4+ 50. Kg2 Qd4 51. Kh2 Nxd1 52. Qb7 Qf2+ 53. Kh1 Rxe6 54. Qxe7+ Rxe7 1/2-1/2

[Event "Paul Keres mem (24th)"]
[Site "New Westminster CAN"]
[Date "1999.05.23"]
[Round "5"]
[White "Monteith, Donald"]
[Black "Stockhausen, Peter"]
[Result "1-0"]
[WhiteElo "1905"]
[BlackElo "1725"]
[PlyCount "73"]
[GameId "2160767911805032"]
[EventDate "1999.05.21"]
[EventType "swiss"]
[EventRounds "7"]
[EventCountry "CAN"]

1. d4 c6 2. c4 d5 3. Nc3 e6 4. e3 Nf6 5. a3 a5 6. Nf3 Nbd7 7. cxd5 Nxd5 8. Nxd5 exd5 9. Bd3 Bd6 10. Qc2 Nf6 11. O-O O-O 12. b3 Re8 13. Bb2 Qc7 14. h3 h6 15. Ne5 Ne4 16. f4 Bf5 17. g4 Bh7 18. Rae1 Qe7 19. a4 Rac8 20. Qg2 Bb4 21. Re2 Kh8 22. f5 Rg8 23. Bxe4 dxe4 24. Qxe4 Rce8 25. Qf3 Rgf8 26. f6 Qxf6 27. Qxf6 gxf6 28. Rxf6 Kg7 29. Nd7 Rg8 30. Ref2 Re7 31. Nc5 Be1 32. R2f3 Bh4 33. Rd6 Ree8 34. d5+ Kf8 35. dxc6 bxc6 36. Rxh6 Bg6 37. Rxg6 1-0

[Event "Paul Keres mem (24th)"]
[Site "New Westminster CAN"]
[Date "1999.05.23"]
[Round "5"]
[White "Niksic, John"]
[Black "Chapman, Erik"]
[Result "1-0"]
[WhiteElo "2170"]
[BlackElo "2016"]
[PlyCount "49"]
[GameId "2160767911805034"]
[EventDate "1999.05.21"]
[EventType "swiss"]
[EventRounds "7"]
[EventCountry "CAN"]

1. d4 f5 2. Nf3 Nf6 3. c4 e6 4. g3 b6 5. Bg2 Bb7 6. O-O d5 7. Ne5 Nbd7 8. Bg5 Be7 9. Qa4 O-O 10. Nc6 Qe8 11. Nc3 Nb8 12. Nxe7+ Qxe7 13. cxd5 Nbd7 14. d6 cxd6 15. Bxb7 d5 16. Bxa8 Rxa8 17. Rac1 h6 18. Bxf6 Nxf6 19. e3 h5 20. Ne2 g5 21. Rc3 h4 22. Rfc1 Ng4 23. Rc7 Qf6 24. Qd7 Qh6 25. Qf7+ 1-0

[Event "Paul Keres mem (24th)"]
[Site "New Westminster CAN"]
[Date "1999.05.23"]
[Round "5"]
[White "Orlov, Georgi"]
[Black "Teplitsky, Yan"]
[Result "1/2-1/2"]
[WhiteElo "2495"]
[BlackElo "2453"]
[PlyCount "97"]
[GameId "2160767911805035"]
[EventDate "1999.05.21"]
[EventType "swiss"]
[EventRounds "7"]
[EventCountry "CAN"]
[SourceTitle "EXT 2000"]
[Source "ChessBase"]
[SourceDate "1999.11.18"]
[SourceVersion "1"]
[SourceVersionDate "1999.11.18"]
[SourceQuality "1"]

1. d4 Nf6 2. c4 e6 3. g3 c5 4. d5 exd5 5. cxd5 d6 6. Nc3 g6 7. Bg2 Bg7 8. Nf3 O-O 9. O-O a6 10. a4 Re8 11. Nd2 Nbd7 12. Nc4 Nb6 13. Na3 Bd7 14. a5 Nc8 15. Nc4 Bb5 16. Qb3 Bxc4 17. Qxc4 Nd7 18. e4 b5 19. axb6 Ncxb6 20. Qe2 c4 21. Be3 Ne5 22. f4 Nd3 23. e5 dxe5 24. f5 e4 25. f6 Bxf6 26. Nxe4 Bg7 27. Qf3 Ne5 28. Nf6+ Bxf6 29. Qxf6 Qxf6 30. Rxf6 Ng4 31. Rxb6 Nxe3 32. Bf3 Rad8 33. Re1 Nf5 34. Rxe8+ Rxe8 35. Kf2 Nd4 36. d6 Rd8 37. Bd5 Nf5 38. Bxc4 a5 39. Bd3 Rxd6 40. Rxd6 Nxd6 41. Ke3 f5 42. Kd4 Kf7 43. Kc5 Ke6 44. Kb6 Kd5 45. Kxa5 Kd4 46. Bf1 g5 47. b4 f4 48. gxf4 gxf4 49. b5 1/2-1/2

[Event "Paul Keres mem (24th)"]
[Site "New Westminster CAN"]
[Date "1999.05.23"]
[Round "5"]
[White "Pangilinan, Emmanuel"]
[Black "Nishida, Harold"]
[Result "0-1"]
[WhiteElo "1903"]
[BlackElo "2085"]
[PlyCount "68"]
[GameId "2160767911805036"]
[EventDate "1999.05.21"]
[EventType "swiss"]
[EventRounds "7"]
[EventCountry "CAN"]

1. d4 Nf6 2. e3 e6 3. Bd3 d5 4. Nd2 c5 5. c3 Nc6 6. f4 b6 7. Ngf3 Bd6 8. Ne5 Qc7 9. O-O Bd7 10. a4 Ne7 11. Qf3 a6 12. g4 g6 13. h3 Bc8 14. g5 Nh5 15. Ng4 Bb7 16. Qf2 Rb8 17. Nf3 Nf5 18. Nfe5 Nhg3 19. Nf6+ Ke7 20. Bxf5 Nxf5 21. Nfg4 h5 22. gxh6 Rbg8 23. Bd2 f6 24. b4 c4 25. Nf3 Kf7 26. Ng5+ Ke7 27. Nf3 Kf7 28. b5 a5 29. Rae1 Nxh6 30. Ng5+ Ke7 31. Nxf6 Kxf6 32. e4 dxe4 33. Nxe4+ Bxe4 34. Rxe4 Nf5 0-1

[Event "Paul Keres mem (24th)"]
[Site "New Westminster CAN"]
[Date "1999.05.23"]
[Round "5"]
[White "Pascuzzi, Anthony"]
[Black "Sokourinski, Sergei"]
[Result "0-1"]
[WhiteElo "2122"]
[BlackElo "2268"]
[PlyCount "80"]
[GameId "2160767911805037"]
[EventDate "1999.05.21"]
[EventType "swiss"]
[EventRounds "7"]
[EventCountry "CAN"]

1. d4 d5 2. Nf3 Nf6 3. e3 g6 4. Be2 Bg7 5. Nbd2 O-O 6. Ne5 Nbd7 7. f4 Nxe5 8. fxe5 Nd7 9. Bf3 c5 10. h4 Nb8 11. b3 Nc6 12. Bb2 cxd4 13. exd4 f6 14. h5 g5 15. h6 Bh8 16. Qe2 Nb4 17. Nf1 fxe5 18. dxe5 Qb6 19. a3 g4 20. axb4 gxf3 21. gxf3 Bf5 22. O-O-O Rac8 23. Rd2 Bg6 24. Ne3 e6 25. Rg1 Rc7 26. Bd4 Qxb4 27. Qd3 Kf7 28. Rxg6 hxg6 29. Nxd5 exd5 30. e6+ Ke7 31. Bxh8 Rxh8 32. Qxg6 Qc3 33. Qf7+ Kd6 34. Qf4+ Qe5 35. Qb4+ Kxe6 36. Qg4+ Kd6 37. Qg6+ Kd7 38. Qg4+ Kd8 39. Qh4+ Kc8 40. Qg4+ Kb8 0-1

[Event "Paul Keres mem (24th)"]
[Site "New Westminster CAN"]
[Date "1999.05.23"]
[Round "5"]
[White "Pitre, Hanniegn"]
[Black "Bojovic, Gavrilo"]
[Result "1-0"]
[WhiteElo "1999"]
[BlackElo "2153"]
[PlyCount "80"]
[GameId "2160767911805038"]
[EventDate "1999.05.21"]
[EventType "swiss"]
[EventRounds "7"]
[EventCountry "CAN"]

1. e4 e6 2. d4 d5 3. Nc3 Bb4 4. Bd2 dxe4 5. Qg4 Qxd4 6. O-O-O Qxf2 7. Qxg7 e3 8. Nf3 exd2+ 9. Rxd2 Qc5 10. Qxh8 Qf8 11. Bb5+ c6 12. Rhd1 Nd7 13. Ba4 Ngf6 14. Qxf8+ Kxf8 15. Bb3 Ke7 16. Re2 Bxc3 17. bxc3 b6 18. Nd4 Bb7 19. Nf5+ Kf8 20. Nd6 Ba6 21. Rf2 Rd8 22. g4 Ke7 23. Nxf7 Kxf7 24. g5 c5 25. Rxf6+ Nxf6 26. Rxd8 Ne4 27. Rd7+ Kg6 28. Rxa7 Bf1 29. Bxe6 Nxg5 30. Bd5 Nh3 31. Rf7 Be2 32. Kd2 Ng1 33. Rf2 Bg4 34. Be4+ Kg7 35. Bg2 Kg6 36. Ke3 Kg7 37. c4 Kg6 38. c3 Kg7 39. Bf1 h5 40. Rg2 Kf7 1-0

[Event "Paul Keres mem (24th)"]
[Site "New Westminster CAN"]
[Date "1999.05.23"]
[Round "5"]
[White "Poitras, Luc"]
[Black "Zick, David"]
[Result "1/2-1/2"]
[WhiteElo "2201"]
[BlackElo "2228"]
[PlyCount "36"]
[GameId "2160767911805039"]
[EventDate "1999.05.21"]
[EventType "swiss"]
[EventRounds "7"]
[EventCountry "CAN"]

1. e4 Nf6 2. e5 Nd5 3. d4 d6 4. Nf3 g6 5. Bc4 c6 6. h3 Bg7 7. O-O O-O 8. Re1 Re8 9. Nc3 Nxc3 10. bxc3 d5 11. Bd3 b6 12. Qe2 a5 13. c4 Na6 14. c3 Nc7 15. Rb1 dxc4 16. Be4 Nd5 17. Qxc4 Be6 18. Qd3 f5 1/2-1/2

[Event "Paul Keres mem (24th)"]
[Site "New Westminster CAN"]
[Date "1999.05.23"]
[Round "5"]
[White "Pupols, Viktors"]
[Black "Wong, Samuel"]
[Result "0-1"]
[WhiteElo "2296"]
[BlackElo "1885"]
[PlyCount "94"]
[GameId "2160767911805040"]
[EventDate "1999.05.21"]
[EventType "swiss"]
[EventRounds "7"]
[EventCountry "CAN"]

1. d4 d5 2. c4 c6 3. Nf3 Nf6 4. Nc3 e6 5. e3 Nbd7 6. Ne5 dxc4 7. Bd2 Qc7 8. f4 Nxe5 9. fxe5 Nd5 10. Bxc4 Nxc3 11. bxc3 c5 12. Bd3 Bd7 13. O-O Bc6 14. Qh5 g6 15. Qh4 Bg7 16. Rf2 Qe7 17. Qf4 O-O 18. Raf1 f5 19. exf6 Rxf6 20. Qg3 Raf8 21. Rxf6 Bxf6 22. Be1 Kg7 23. h4 e5 24. Bf2 cxd4 25. exd4 exd4 26. cxd4 Rd8 27. h5 Qd6 28. Qg4 Bxd4 29. hxg6 hxg6 30. Bc2 Bb5 31. Bxd4+ Qxd4+ 32. Qxd4+ Rxd4 33. Re1 Kf6 34. Re3 a6 35. Rg3 Be8 36. Bb3 g5 37. Rc3 Bc6 38. g3 Bd5 39. Rc7 Bxb3 40. axb3 Rb4 41. Rc3 Ke5 42. Kf2 Kd4 43. Re3 Rb5 44. g4 a5 45. Rh3 Ke4 46. Rf3 b6 47. Ke2 a4 0-1

[Event "Paul Keres mem (24th)"]
[Site "New Westminster CAN"]
[Date "1999.05.23"]
[Round "5"]
[White "Remedios, Russell"]
[Black "Milicevic, Dragoljub"]
[Result "0-1"]
[WhiteElo "2112"]
[BlackElo "2314"]
[PlyCount "88"]
[GameId "2160767911805041"]
[EventDate "1999.05.21"]
[EventType "swiss"]
[EventRounds "7"]
[EventCountry "CAN"]

1. e4 d5 2. exd5 Nf6 3. Nc3 Nxd5 4. Bc4 e6 5. Bxd5 exd5 6. d4 Bb4 7. Qd3 O-O 8. Nf3 c6 9. O-O Qf6 10. Bg5 Qf5 11. Qd2 f6 12. Be3 b6 13. a3 Bd6 14. Ne2 g5 15. Ng3 Qg6 16. Ne1 Ba6 17. Ne2 Bxh2+ 18. Kxh2 Qh5+ 19. Kg1 Bxe2 20. Nd3 Bxf1 21. Rxf1 Nd7 22. Qc3 Rac8 23. Nb4 Qf7 24. Nd3 Rfe8 25. Qd2 c5 26. dxc5 bxc5 27. f3 d4 28. Bf2 h6 29. b3 Ne5 30. Nc1 Qd5 31. Qa5 Nc6 32. Qb5 Rb8 33. Qd3 Ne5 34. Qa6 Re6 35. Qxa7 Ra8 36. Qc7 Rxa3 37. b4 Qc6 38. Qxc6 Rxc6 39. bxc5 Rxc5 40. Nb3 Rxc2 41. Nxd4 Rb2 42. Nf5 Raa2 43. Ne3 Nd3 44. Nd1 Rd2 0-1

[Event "Paul Keres mem (24th)"]
[Site "New Westminster CAN"]
[Date "1999.05.23"]
[Round "5"]
[White "San Juan, Louie"]
[Black "Ivankovic, Goran"]
[Result "1/2-1/2"]
[WhiteElo "2013"]
[BlackElo "1844"]
[PlyCount "36"]
[GameId "2160767911805042"]
[EventDate "1999.05.21"]
[EventType "swiss"]
[EventRounds "7"]
[EventCountry "CAN"]

1. d4 Nf6 2. e3 d5 3. Bd3 Bg4 4. Nf3 Nbd7 5. Nbd2 e5 6. dxe5 Nxe5 7. Be2 Nxf3+ 8. Bxf3 Bxf3 9. Nxf3 Bd6 10. O-O c6 11. b3 Qc7 12. h3 O-O-O 13. Bb2 Ne4 14. Nd2 Rhe8 15. Qg4+ Kb8 16. Nxe4 d4 17. Rad1 f6 18. Kh1 Qe7 1/2-1/2

[Event "Paul Keres mem (24th)"]
[Site "New Westminster CAN"]
[Date "1999.05.23"]
[Round "5"]
[White "Stanford, Mike"]
[Black "Small, Hugh"]
[Result "1-0"]
[WhiteElo "1970"]
[BlackElo "1734"]
[PlyCount "68"]
[GameId "2160767911805043"]
[EventDate "1999.05.21"]
[EventType "swiss"]
[EventRounds "7"]
[EventCountry "CAN"]

1. e4 b6 2. d4 Bb7 3. Nc3 e6 4. Be3 Bb4 5. f3 Nf6 6. a3 Bxc3+ 7. bxc3 d6 8. Bd3 e5 9. Ne2 Nbd7 10. a4 a5 11. O-O h5 12. d5 h4 13. g4 hxg3 14. hxg3 Ba6 15. Kg2 Nc5 16. Bxa6 Rxa6 17. Rh1 Ke7 18. c4 Ra8 19. Nc3 Qd7 20. Bxc5 bxc5 21. Qd2 Nh7 22. Rab1 f6 23. g4 Ng5 24. Nb5 Nxe4 25. Qd3 Ng5 26. Qg6 Rxh1 27. Qxg7+ Nf7 28. Rxh1 Rf8 29. Rh6 Ke8 30. Rxf6 Rh8 31. Rxf7 Rh2+ 32. Kxh2 Qxf7 33. Nxc7+ Ke7 34. Qxf7+ Kxf7 1-0

[Event "Paul Keres mem (24th)"]
[Site "New Westminster CAN"]
[Date "1999.05.23"]
[Round "5"]
[White "Woodward, Greg"]
[Black "Pechisker, Alfred"]
[Result "0-1"]
[WhiteElo "1958"]
[BlackElo "2221"]
[PlyCount "59"]
[GameId "2160767911805044"]
[EventDate "1999.05.21"]
[EventType "swiss"]
[EventRounds "7"]
[EventCountry "CAN"]

1. d4 Nf6 2. Nf3 d5 3. e3 Bg4 4. Bd3 Nbd7 5. Nbd2 e5 6. dxe5 Nxe5 7. Be2 Bxf3 8. Nxf3 Bd6 9. c4 c6 10. Nxe5 Bxe5 11. Qb3 O-O 12. cxd5 Nxd5 13. Bd2 Qf6 14. Rb1 Rad8 15. O-O Rd7 16. Bg4 Qh4 17. Bh3 g5 18. f4 g4 19. fxe5 gxh3 20. e4 hxg2 21. Rf2 Qxe4 22. Qg3+ Qg6 23. Rxg2 Kh8 24. Qe1 Qe6 25. Qg3 Qg6 26. Qe1 Qd3 27. e6 fxe6 28. Qe5+ Nf6 29. Bc3 Qxb1+ 30. Kf2 0-1

[Event "Paul Keres mem (24th)"]
[Site "New Westminster CAN"]
[Date "1999.05.24"]
[Round "6"]
[White "Aquino, Manfrei"]
[Black "Remedios, Russell"]
[Result "0-1"]
[WhiteElo "1959"]
[BlackElo "2112"]
[PlyCount "76"]
[GameId "2160767911805045"]
[EventDate "1999.05.21"]
[EventType "swiss"]
[EventRounds "7"]
[EventCountry "CAN"]

1. d4 e6 2. c4 b6 3. Nf3 Bb7 4. a3 Nf6 5. Bg5 Be7 6. Nc3 d5 7. cxd5 Nxd5 8. Bxe7 Qxe7 9. Qc2 Nxc3 10. bxc3 Nd7 11. e4 e5 12. d5 O-O 13. c4 c6 14. Bd3 cxd5 15. cxd5 Rac8 16. Qb3 Nc5 17. Qd1 Bxd5 18. exd5 e4 19. Be2 exf3 20. gxf3 Rfe8 21. Kf1 Rcd8 22. Bb5 Rf8 23. Bc6 Rd6 24. Qe2 Qh4 25. Qe3 Qc4+ 26. Ke1 Nd3+ 27. Kd2 Nc5 28. Ke1 Nd3+ 29. Kd2 Nxf2 30. Rhc1 Qh4 31. Ke2 Nh3 32. Rab1 Nf4+ 33. Kd1 Nxd5 34. Bxd5 Rxd5+ 35. Kc2 Qxh2+ 36. Kb3 Rb5+ 37. Kc4 Rxb1 38. Rxb1 Qc2+ 0-1

[Event "Paul Keres mem (24th)"]
[Site "New Westminster CAN"]
[Date "1999.05.24"]
[Round "6"]
[White "Baunok, Zoltan"]
[Black "Adam, Valerian"]
[Result "0-1"]
[WhiteElo "2149"]
[BlackElo "2315"]
[PlyCount "92"]
[GameId "2160767911805046"]
[EventDate "1999.05.21"]
[EventType "swiss"]
[EventRounds "7"]
[EventCountry "CAN"]

1. e4 e5 2. Nf3 d6 3. d4 Nd7 4. Bc4 c6 5. O-O Qc7 6. Nc3 b5 7. Bb3 a6 8. Ng5 Nh6 9. f4 exd4 10. Qxd4 c5 11. Bxf7+ Nxf7 12. Ne6 cxd4 13. Nxc7+ Kd8 14. N3d5 Bb7 15. Nxa8 Bxa8 16. Rd1 Bxd5 17. exd5 Be7 18. Rxd4 Bf6 19. Rd3 Kc7 20. Bd2 Bxb2 21. Ba5+ Kc8 22. Re1 Nc5 23. Rh3 Kd7 24. c3 Re8 25. Rxe8 Kxe8 26. Rxh7 Nb7 27. Bb6 Bxc3 28. Rh3 b4 29. Re3+ Kf8 30. g4 a5 31. Kf1 a4 32. Ke2 Nc5 33. Kd1 Bd4 34. Rf3 b3 35. Bxc5 dxc5 36. axb3 a3 37. Kc2 a2 38. Rf1 a1=Q 39. Rxa1 Bxa1 40. Kd3 Ke7 41. h4 g6 42. Ke4 Nh6 43. h5 Nxg4 44. hxg6 Nf6+ 45. Kf5 Nxd5 46. Kg5 Bg7 0-1

[Event "Paul Keres mem (24th)"]
[Site "New Westminster CAN"]
[Date "1999.05.24"]
[Round "6"]
[White "Chapman, Erik"]
[Black "Monteith, Donald"]
[Result "1-0"]
[WhiteElo "2016"]
[BlackElo "1905"]
[PlyCount "87"]
[GameId "2160767911805047"]
[EventDate "1999.05.21"]
[EventType "swiss"]
[EventRounds "7"]
[EventCountry "CAN"]

1. f4 d5 2. Nf3 Nf6 3. e3 c5 4. b3 Nc6 5. Bb5 a6 6. Bxc6+ bxc6 7. Ne5 Qb6 8. d3 h5 9. c4 e6 10. Nd2 d4 11. e4 Bd6 12. Ndf3 a5 13. O-O Ra7 14. h3 Bd7 15. Ng5 Bc8 16. Nef3 Nh7 17. e5 Nxg5 18. Nxg5 Bb8 19. Ne4 Qb4 20. Bd2 Qb6 21. Qf3 Ke7 22. Qg3 Kf8 23. Qg5 Bc7 24. Rae1 Bd8 25. Qg3 Be7 26. Ng5 a4 27. Rb1 axb3 28. Rxb3 Qd8 29. Ra1 f6 30. Ne4 h4 31. Qf3 Bd7 32. a4 f5 33. Ng5 Bxg5 34. fxg5 g6 35. a5 Qc7 36. Qf4 Kg7 37. a6 Bc8 38. Ba5 Qd7 39. Bb6 Rxa6 40. Rxa6 Bxa6 41. Bxc5 Bb7 42. Qxd4 Qc8 43. Qd6 Rd8 44. Qe7+ 1-0

[Event "Paul Keres mem (24th)"]
[Site "New Westminster CAN"]
[Date "1999.05.24"]
[Round "6"]
[White "Harris, Philip"]
[Black "Pupols, Viktors"]
[Result "0-1"]
[WhiteElo "2095"]
[BlackElo "2296"]
[PlyCount "46"]
[GameId "2160767911805048"]
[EventDate "1999.05.21"]
[EventType "swiss"]
[EventRounds "7"]
[EventCountry "CAN"]

1. e4 e5 2. Bc4 Bc5 3. d3 c6 4. Nc3 Nf6 5. Bg5 h6 6. Bxf6 Qxf6 7. Qf3 Qxf3 8. Nxf3 d6 9. h3 Nd7 10. a3 Bb6 11. b4 Nf8 12. Ne2 Ng6 13. c3 O-O 14. O-O Rd8 15. Rfd1 d5 16. Bb3 Be6 17. c4 dxe4 18. dxe4 a5 19. Rab1 Rxd1+ 20. Rxd1 Bd8 21. Nd2 axb4 22. axb4 Bg5 23. Nc1 Rd8 0-1

[Event "Paul Keres mem (24th)"]
[Site "New Westminster CAN"]
[Date "1999.05.24"]
[Round "6"]
[White "Holubowicz, Kazimiercz"]
[Black "Bates, Darren"]
[Result "0-1"]
[WhiteElo "1776"]
[BlackElo "1617"]
[PlyCount "140"]
[GameId "2160767911805049"]
[EventDate "1999.05.21"]
[EventType "swiss"]
[EventRounds "7"]
[EventCountry "CAN"]

1. d4 f5 2. Nc3 e6 3. g3 Nf6 4. Bg5 Be7 5. e3 d6 6. Bd3 Nbd7 7. Qf3 d5 8. Nge2 Nf8 9. h4 c6 10. Nf4 Ne4 11. Bxe4 fxe4 12. Qh5+ g6 13. Qh6 Bxg5 14. hxg5 Qe7 15. O-O-O b5 16. Nb1 a5 17. a3 a4 18. c3 Kf7 19. Nd2 c5 20. dxc5 Qxc5 21. Kb1 Ba6 22. Rc1 Rc8 23. Rhe1 Nd7 24. Qh3 Qd6 25. f3 e5 26. Ne2 exf3 27. Nxf3 Nc5 28. Rf1 Kg7 29. Qh6+ Kg8 30. Nh4 Ne4 31. Rc2 b4 32. axb4 Bxe2 33. Rxe2 Rf8 34. Rxf8+ Qxf8 35. Qxf8+ Kxf8 36. Rh2 Kg7 37. Nf3 Nxg3 38. Nxe5 Ne4 39. Ka2 Nxg5 40. Ka3 Re8 41. Ng4 Ra8 42. Rd2 Rd8 43. Kxa4 h5 44. Nf2 Kf6 45. c4 Ke5 46. Rd4 Ne6 47. Nd3+ Kf5 48. Rxd5+ Rxd5 49. cxd5 Nd8 50. Nf2 g5 51. Kb3 g4 52. Kc3 g3 53. Nh3 Kg4 54. Ng1 h4 55. e4 h3 56. Nxh3 Kxh3 57. e5 g2 58. e6 g1=Q 59. e7 Qg7+ 60. Kc4 Qxe7 61. b5 Qe2+ 62. Kc5 Qxb2 63. b6 Qc2+ 64. Kd6 Qc8 65. Ke7 Nb7 66. d6 Qd8+ 67. Ke6 Qxb6 68. Kd7 Qxd6+ 69. Kc8 Qc6+ 70. Kb8 Nd8 0-1

[Event "Paul Keres mem (24th)"]
[Site "New Westminster CAN"]
[Date "1999.05.24"]
[Round "6"]
[White "Ivankovic, Goran"]
[Black "Lane, Travis"]
[Result "1/2-1/2"]
[WhiteElo "1844"]
[BlackElo "1872"]
[PlyCount "33"]
[GameId "2160767911805050"]
[EventDate "1999.05.21"]
[EventType "swiss"]
[EventRounds "7"]
[EventCountry "CAN"]

1. e4 c5 2. Nf3 Nc6 3. Bb5 e6 4. Nc3 d6 5. d4 cxd4 6. Nxd4 Bd7 7. O-O Nf6 8. Kh1 Rc8 9. f4 a6 10. Be2 Be7 11. Be3 O-O 12. g4 Nxd4 13. Bxd4 Bc6 14. Bf3 Qc7 15. g5 Nd7 16. Be3 b5 17. Ne2 1/2-1/2